000 00585nam a22002057a 4500
999 _c2489
_d2489
003 OSt
005 20210712121033.0
008 210712b ||||| |||| 00| 0 eng d
020 _a9780137001613
040 _cALUPE UNIVERSITY
050 _aHM586
_b.M325 2011
100 _aJohn J Macionis
245 _aSociology
250 _a 7th Canadian ed
260 _aToronto
_bPearson Canada
_c©2011.
300 _a654p
650 _2 Sociology -- Textbooks. Sociologie -- Manuels d'enseignement supérieur. Sociology.
700 _aLinda M Gerber
942 _2lcc
_cBK
_nDO